| 000 | 00971nam a2200277Ia 4500 | ||
|---|---|---|---|
| 003 | OSt | ||
| 005 | 20220923211226.0 | ||
| 006 | a|||||r|||| 00| 0 | ||
| 007 | ta | ||
| 008 | 220922b |||||||| |||| 00| 0 hin d | ||
| 020 |
_a9788170289470 (hbk) _c425 |
||
| 024 | _a324,921 | ||
| 037 |
_b400, 13/03/2018, Eastern Book Linkers _cTextual |
||
| 040 |
_aARTS _cARTS _bhin |
||
| 041 |
_2hin _ahin |
||
| 082 | _aO152,3N36,DG, Q7 | ||
| 100 | _aकिशोर, गिरिराज, ले. | ||
| 245 | 0 | _aढाई घर | |
| 246 | _aḌhāī ghara | ||
| 260 |
_aदिल्ली _b राजपाल एण्ड सन्ज़ _c2017 |
||
| 300 |
_a392पृ. _ccm. |
||
| 650 |
_a हिन्दी साहित्य _9156264 |
||
| 650 | _aहिन्दी कहानी | ||
| 942 |
_hO152,3N36,DG, Q7 _cTEXL _2CC |
||
| 999 |
_c297240 _d297240 |
||